Statistics for 1000店舗以上ある日本の小売チェーン店

Click here to take the quiz!

General Stats

  • This quiz has been taken 604 times
  • The average score is 9 of 24

Answer Stats

チェーン店店舗数% Correct
セブン-イレブン21397
99%
ファミリーマート16444
99%
ローソン13846
99%
ミニストップ1810
78%
セイコーマート1169
70%
デイリーヤマザキ1193
62%
ダイソー3758
46%
まいばすけっと1115
41%
マツモトキヨシ1601
39%
Seria1951
39%
Can★Do1251
31%
スギ薬局1410
26%
ツルハドラッグ1407
23%
ウエルシア1896
23%
ファッションセンター しまむら1416
22%
業務スーパー1022
18%
コメリハード&グリーン1363
14%
ゲオ1065
13%
コスモス薬品1329
13%
西松屋1077
13%
ABCマート1132
12%
眼鏡市場1005
8%
100円ショップ ワッツ1158
7%
全日食チェーン1046
3%

Score Distribution

Percentile by Number Answered

Percent of People with Each Score

Your Score History

You have not taken this quiz